000 00378nam a2200157Ia 4500
008 230524s9999 xx 000 0 und d
082 _a530
_bMAL
100 _aA.P.Malvino
_915581
245 0 _aSemiconductor Circuits Approximations
250 _a4TH
260 _aNEW DELHI
_bTMH
_c2004
300 _a441
500 _aQuantity Number: 1
650 _aPhysics
942 _cBK
999 _c23534
_d23534